| 000 | 00458nam a2200145Ia 4500 | ||
|---|---|---|---|
| 008 | 231217s9999 xx 000 0 und d | ||
| 041 | _aEnglish | ||
| 082 | _a004.35 CUL;9 | ||
| 100 | _aCuller, David E Singh, Jaswinder Pal | ||
| 245 | 0 | _aParallel computer architecture: A hardware/software approach | |
| 260 |
_c1999 _bMorgan _aSan Francisco |
||
| 300 | _axxix+1024 | ||
| 650 | _aParallel,computer,architecture:,hardware/software,approach | ||
| 942 | _cAA | ||
| 999 |
_c175737 _d175737 |
||